000 00618nam a2200253Ia 4500
003 OSt
005 20221007104950.0
006 a|||||r|||| 00| 0
007 ta
008 221006b |||||||| |||| 00| 0 eng d
024 _a17,243
037 _cTextual
040 _aLCO
_cLCO
_beng
041 _2eng
_aeng
082 _aZ2,4, M7
100 _aPillai P.S.A
_9683794
245 0 _aLaw of Tort
250 _a8th
260 _aLucknow
_bEastern Book Company. India
_c1987
300 _a488
650 _aTORT
_9690780
942 _hZ2,4, M7
_cTEXL
999 _c1186806
_d1186806